000
00354pab a2200157 454500
008
180718b2000 xxu||||| |||| 00| 0 eng d
100
_a
Mittal, R.K.
245
_a
Improving financial performance of RRBs
260
_c
2000
300
_a
p.10-12
362
_a
Mar
650
_a
Banks - India
650
_a
Banks
773
_a
Yojana
909
_a
43935
999
_c
43935
_d
43935